A Programming framework to address gender-based violence = ස්ත්‍රී පුරුෂ සමාජභාවය පදනම් කරගත් ප්‍රචණ්ඩත්වය ඇමතීම සඳහා වන වැඩසටහන් ප්‍රවේශය = பாலின அடிப்படையிலான வன்முறையைத் தீர்ப்பதற்கான ஒரு நிரலாக்க கட்டமைப்பு (Record no. 4488)

MARC details
000 -LEADER
fixed length control field 00832nam a2200145 4500
003 - CONTROL NUMBER IDENTIFIER
control field LK-CoMWRAF
005 - DATE AND TIME OF LATEST TRANSACTION
control field 20240212095623.0
008 - FIXED-LENGTH DATA ELEMENTS--GENERAL INFORMATION
fixed length control field 231215b2009 |||||||| |||| 00| 0 eng d
040 ## - CATALOGING SOURCE
Original cataloging agency LK-CoMWRAF
Modifying agency LK-CoMWRAF
Description conventions LK-CoMWRAF
041 ## - LANGUAGE CODE
Language code of text/sound track or separate title English
-- Sinhala; Sinhalese
-- Tamil
082 ## - DEWEY DECIMAL CLASSIFICATION NUMBER
Classification number 305.42
Item number PRO
942 ## - ADDED ENTRY ELEMENTS (KOHA)
Koha item type Books
245 ## - TITLE STATEMENT
Title A Programming framework to address gender-based violence = ස්ත්‍රී පුරුෂ සමාජභාවය පදනම් කරගත් ප්‍රචණ්ඩත්වය ඇමතීම සඳහා වන වැඩසටහන් ප්‍රවේශය = பாலின அடிப்படையிலான வன்முறையைத் தீர்ப்பதற்கான ஒரு நிரலாக்க கட்டமைப்பு
260 ## - PUBLICATION, DISTRIBUTION, ETC. (IMPRINT)
Place of publication, distribution, etc. Colombo:
Name of publisher, distributor, etc. Women defining peace,
Date of publication, distribution, etc. 2009
Holdings
Withdrawn status Lost status Damaged status Not for loan Permanent Location Current Location Date acquired Full call number Barcode Koha item type
        Resource center, Muslim Women's Research And Action Forum Resource center, Muslim Women's Research And Action Forum 2023-12-15 305.42 PRO RAF4876 Books
        Resource center, Muslim Women's Research And Action Forum Resource center, Muslim Women's Research And Action Forum 2023-12-15 305.42 PRO RAF4877 Books
        Resource center, Muslim Women's Research And Action Forum Resource center, Muslim Women's Research And Action Forum 2024-01-26 305.42 PRO RAF5000 Books

Copyright © 2023 Muslim Women's Research and Action Forum (MWRAF), No 27/3, Anderson Road, Kalubowila, Dehiwela. Funded by The Asia Fundation